000 00578nam a2200205Ia 4500
003 GCL
008 140319s9999 xx 000 0 ara d
040 _aGCL /
_cGCL
082 0 4 _a953.304
_bش ص
100 1 _aشاكر الجوهرى
245 1 0 _aالصراع فى عدن /
_cشاكر الجوهرى
260 _a[S.N] :
_bمكتبة مدبولى ،
_c1992
300 _a381ص
490 _a
650 0 4 _aالعصر الحديث
650 0 4 _aتاريخ
650 0 4 _aالاستعمار البريطانى
650 0 4 _aاليمن الجنوبى
942 _2ddc
_cBK
999 _c34431
_d34431